Constructions of Reason : Explorations of Kant's Practical Philosophy /

Gespeichert in:
Bibliographische Detailangaben
1. Verfasser: O'Neill, Onora (autor)
Format: Buch
Sprache:Englisch
Veröffentlicht: Cambridge, EUA : Cambridge University, 2000, c1989
Schlagworte:
Tags: Tag hinzufügen
Keine Tags, Fügen Sie das erste Tag hinzu!

MARC

LEADER 00000nam^a2200000^a^4500
001 000279297
005 20250521000000.0
009 20260310111430.287
020 |a 0-521-38816-3 
037 |a Acervo ITESO - Biblioteca 
041 |a ING 
082 |a 142. 3  |b KAN EST ONE 
100 |a O'Neill, Onora  |e (autor) 
245 1 0 |a Constructions of Reason :  |b Explorations of Kant's Practical Philosophy /  |c O. O'Neill. 
264 4 |a Cambridge, EUA :  |b Cambridge University,  |c 2000, c1989 
300 |a XII, 249 p. 
336 |a texto  |b txt  |2 rdacontenido 
337 |a sin mediación  |b n  |2 rdamedio 
338 |a volumen  |b nc  |2 rdasoporte 
649 |a XX 
650 |a Filósofos Alemanes 
650 |a Razón 
650 |a Etica 
650 |a Antropología Filosófica 
650 |a Derecho -  |x Filosofía 
650 |a Criticismo -  |x Historia y Crítica -  |x Tema Principal 
650 |a Filosofía Moderna -  |x Historia y Crítica 
650 |a Filosofía Alemana -  |x Historia y Crítica 
650 |a Kant, Immanuel -  |x Tema Principal 
910 |a Fondo General 
920 |a Impresos - Libros 
930 |a Colección General 
905 |a 101 
901 |a 0500165719  |b IT1  |c ACC  |u 20250521 
902 |a https://opac.biblio.iteso.mx/vufind/Record/000279297